00821nam a22002417a 45000010005000000030006000050050017000110080041000280200018000690400029000870500011001160820010001271000016001372450084001532600036002373000049002735050008003225200149003305210021004795210020005006500031005206500028005515463FISKH20241209162255.0241209b cb ||||| |||| 00| 0 eng d a9780696300004 aFISKHbengcFISKHdFISKH aHF5381 a331.7 aRowe, Mike  aDirty jobs /bget the real dirt behind the world dirtiest jobs /cby Mike Rowe  aNew York : bMeredith ;c2009 . a48 pages : bcolor illustrations ;c28 cm .  aZ  aMike Rowe introduces you to a hardworking group of men and women who overcome fear, danger and sometimes stench to accomplish their daily tasks.8 a1070 bLexile 8 aZ bRaz-Plus  ainformationalvNon-fiction aDirty JobsvNon-fiction